[Event "Fajr-urmia"]
[Site "urmia"]
[Date "2015.02.22"]
[Round "7.10"]
[White "Ghaziolsharif, Kaveh"]
[Black "Hasanzade, Toghrul"]
[Result "1-0"]
[LiveChessVersion "1.4.4"]
[BlackElo "1970"]
[WhiteElo "2193"]

1. e4 {[%clk 1:27:13]} Nf6 {[%clk 1:30:55]} 2. e5 {[%clk 1:27:36]} Nd5
{[%clk 1:31:22]} 3. d4 {[%clk 1:27:58]} d6 {[%clk 1:31:49]} 4. Nf3
{[%clk 1:28:20]} dxe5 {[%clk 1:32:11]} 5. Nxe5 {[%clk 1:28:48]} c6
{[%clk 1:32:26]} 6. Be2 {[%clk 1:29:10]} Bf5 {[%clk 1:32:49]} 7. O-O
{[%clk 1:29:23]} Nd7 {[%clk 1:32:59]} 8. Nf3 {[%clk 1:29:45]} Qc7
{[%clk 1:33:16]} 9. Re1 {[%clk 0:58:50]} e6 {[%clk 1:31:47]} 10. h3
{[%clk 0:54:57]} O-O-O {[%clk 1:29:18]} 11. Bd3 {[%clk 0:46:47]} Bg6
{[%clk 1:28:17]} 12. c4 {[%clk 0:45:31]} N5f6 {[%clk 1:10:55]} 13. Nc3
{[%clk 0:33:43]} Bd6 {[%clk 1:02:11]} 14. Bxg6 {[%clk 0:29:33]} hxg6
{[%clk 1:02:19]} 15. Qa4 {[%clk 0:29:52]} a6 {[%clk 0:45:11]} 16. b4
{[%clk 0:27:28]} Rh5 {[%clk 0:43:56]} 17. Ne2 {[%clk 0:24:19]} b5
{[%clk 0:23:11]} 18. Qxa6+ {[%clk 0:22:03]} Qb7 {[%clk 0:23:37]} 19. Qxb7+
{[%clk 0:22:17]} Kxb7 {[%clk 0:24:01]} 20. c5 {[%clk 0:22:31]} Bc7
{[%clk 0:24:18]} 21. Nc3 {[%clk 0:17:42]} Nd5 {[%clk 0:24:03]} 22. Nxd5
{[%clk 0:15:48]} Rxd5 {[%clk 0:24:28]} 23. a4 {[%clk 0:16:10]} e5
{[%clk 0:22:25]} 24. axb5 {[%clk 0:15:13]} cxb5 {[%clk 0:20:27]} 25. Be3
{[%clk 0:09:03]} f6 {[%clk 0:18:41]} 26. dxe5 {[%clk 0:07:26]} Nxe5
{[%clk 0:19:01]} 27. Nxe5 {[%clk 0:07:40]} Bxe5 {[%clk 0:18:46]} 28. Ra5
{[%clk 0:07:24]} Bc7 {[%clk 0:18:55]} 29. c6+ {[%clk 0:03:53]} Kb8
{[%clk 0:17:40]} 30. Ra7 {[%clk 0:03:51]} Re8 {[%clk 0:07:36]} 31. Rea1
{[%clk 0:03:39]} Kc8 {[%clk 0:07:40]} 32. Ra8+ {[%clk 0:03:32]} Bb8
{[%clk 0:07:54]} 33. Bf4 {[%clk 0:03:19]} Rde5 {[%clk 0:07:43]} 34. Bxe5
{[%clk 0:03:04]} Rxe5 {[%clk 0:08:07]} 35. g3 {[%clk 0:03:14]} Re8 1-0

[Event "Fajr-urmia"]
[Site "urmia"]
[Date "2015.02.23"]
[Round "8.1"]
[White "Starostits, Ilmars"]
[Black "Idani, Pouya"]
[Result "1-0"]
[LiveChessVersion "1.4.4"]
[BlackElo "2496"]
[WhiteElo "2454"]

1. e4 {[%clk 1:30:57]} c5 {[%clk 1:30:27]} 2. Nc3 {[%clk 1:31:22]} d6
{[%clk 1:30:13]} 3. g3 {[%clk 1:31:47]} Nc6 {[%clk 1:30:37]} 4. Bg2
{[%clk 1:32:11]} g6 {[%clk 1:31:02]} 5. f4 {[%clk 1:32:33]} Bg7 {[%clk 1:31:27]}
6. d3 {[%clk 1:32:59]} e6 {[%clk 1:31:53]} 7. Nf3 {[%clk 1:33:22]} Nge7
{[%clk 1:32:16]} 8. O-O {[%clk 1:33:44]} O-O {[%clk 1:32:43]} 9. Be3
{[%clk 1:34:06]} Rb8 {[%clk 1:33:10]} 10. Bf2 {[%clk 1:32:16]} b5
{[%clk 1:33:33]} 11. d4 {[%clk 1:32:14]} b4 {[%clk 1:33:57]} 12. Ne2
{[%clk 1:31:22]} Ba6 {[%clk 1:34:22]} 13. Re1 {[%clk 1:31:18]} Qb6
{[%clk 1:30:16]} 14. dxc5 dxc5 {[%clk 1:30:34]} 15. e5 {[%clk 1:28:31]} Rfd8
{[%clk 1:25:56]} 16. Qc1 {[%clk 1:28:51]} Bc4 {[%clk 1:16:44]} 17. Nd2
{[%clk 1:22:45]} Bxe2 18. Rxe2 {[%clk 1:23:10]} Nd4 {[%clk 1:15:31]} 19. Re1
{[%clk 1:23:03]} Qb5 {[%clk 1:15:01]} 20. Bf1 {[%clk 1:22:41]} Qa4
{[%clk 1:10:16]} 21. c3 {[%clk 1:18:52]} bxc3 {[%clk 1:06:19]} 22. bxc3
{[%clk 1:18:35]} Nc2 {[%clk 1:03:28]} 23. Re4 {[%clk 1:18:32]} Qd7
{[%clk 1:02:29]} 24. Qxc2 {[%clk 1:18:31]} Qxd2 {[%clk 1:02:53]} 25. Qxd2
{[%clk 1:18:15]} Rxd2 {[%clk 1:03:13]} 26. Bxc5 {[%clk 1:18:15]} Nd5
{[%clk 0:59:17]} 27. c4 {[%clk 1:15:57]} Nb4 {[%clk 0:39:54]} 28. Re2
{[%clk 1:10:48]} Rxe2 {[%clk 0:38:33]} 29. Bxe2 {[%clk 1:11:14]} Bf8
{[%clk 0:29:53]} 30. Bxa7 {[%clk 1:11:18]} Ra8 {[%clk 0:29:59]} 31. Bf2
{[%clk 1:11:24]} Rxa2 {[%clk 0:26:52]} 32. Rxa2 {[%clk 1:11:47]} Nxa2
{[%clk 0:27:18]} 33. c5 {[%clk 1:09:29]} Nb4 {[%clk 0:27:26]} 34. Bf3
{[%clk 1:09:40]} Be7 {[%clk 0:24:36]} 35. c6 {[%clk 1:06:12]} Bd8
{[%clk 0:25:01]} 36. Bc5 {[%clk 1:06:29]} Na6 {[%clk 0:25:24]} 37. Bd6
{[%clk 1:06:54]} Kg7 {[%clk 0:24:32]} 38. Be2 {[%clk 1:06:56]} Bb6+
{[%clk 0:24:42]} 39. Kg2 {[%clk 1:07:18]} Nc7 {[%clk 0:25:06]} 40. Bc4
{[%clk 1:06:11]} f6 {[%clk 0:23:40]} 41. Kf3 {[%clk 1:00:17]} Kf7
{[%clk 0:23:36]} 42. g4 {[%clk 0:59:54]} fxe5 {[%clk 0:21:18]} 43. Bxe5
{[%clk 0:58:49]} Ke7 {[%clk 0:21:22]} 44. h4 {[%clk 0:57:00]} Ne8
{[%clk 0:20:31]} 45. Bd3 {[%clk 0:56:49]} Nd6 {[%clk 0:19:40]} 46. h5
{[%clk 0:56:12]} gxh5 {[%clk 0:18:08]} 47. g5 {[%clk 0:56:29]} Nf7
{[%clk 0:13:27]} 48. Bf6+ {[%clk 0:56:33]} Kd6 {[%clk 0:12:44]} 49. Bxh7
{[%clk 0:56:58]} Bd8 {[%clk 0:12:35]} 50. Bg6 {[%clk 0:52:31]} Kd5
{[%clk 0:09:00]} 51. Ke4+ 1-0

[Event "Fajr-urmia"]
[Site "urmia"]
[Date "2015.02.23"]
[Round "8.2"]
[White "Asgari, Morteza"]
[Black "Mirzoev, Azer"]
[Result "0-1"]
[LiveChessVersion "1.4.4"]
[BlackElo "2556"]
[WhiteElo "2193"]

1. e4 {[%clk 1:30:41]} c6 {[%clk 1:29:34]} 2. d4 {[%clk 1:31:01]} d5
{[%clk 1:30:00]} 3. e5 {[%clk 1:29:46]} Bf5 {[%clk 1:30:23]} 4. h4
{[%clk 1:30:08]} Qb6 {[%clk 1:30:22]} 5. a4 {[%clk 1:30:30]} h6 {[%clk 1:30:19]}
6. g4 {[%clk 1:27:29]} Bd7 {[%clk 1:25:29]} 7. a5 {[%clk 1:18:42]} Qc7
{[%clk 1:25:52]} 8. b4 {[%clk 1:18:48]} h5 {[%clk 1:23:01]} 9. g5
{[%clk 1:18:23]} Bf5 {[%clk 1:23:04]} 10. Bd3 {[%clk 1:15:31]} Bxd3 11. Qxd3
{[%clk 1:15:46]} e6 {[%clk 1:22:38]} 12. c3 {[%clk 1:15:30]} Nd7 {[%clk 1:18:03]}
13. Nd2 {[%clk 1:15:15]} Ne7 {[%clk 1:14:01]} 14. Ne2 {[%clk 1:14:24]} g6
{[%clk 1:13:12]} 15. Nf1 {[%clk 1:10:40]} Rc8 {[%clk 1:10:19]} 16. Ne3
{[%clk 1:09:09]} b6 {[%clk 1:06:49]} 17. axb6 {[%clk 1:07:12]} axb6
{[%clk 1:07:14]} 18. b5 {[%clk 1:04:09]} c5 {[%clk 1:04:52]} 19. Ba3
{[%clk 0:50:06]} Bg7 {[%clk 1:04:48]} 20. f4 {[%clk 0:50:05]} O-O
{[%clk 1:02:48]} 21. Kf2 {[%clk 0:46:17]} Ra8 {[%clk 1:02:28]} 22. c4
{[%clk 0:42:21]} dxc4 {[%clk 0:47:02]} 23. Qxc4 {[%clk 0:42:05]} Qb7
{[%clk 0:44:20]} 24. dxc5 {[%clk 0:40:21]} bxc5 {[%clk 0:43:17]} 25. Rhd1
{[%clk 0:34:24]} Rfc8 {[%clk 0:43:28]} 26. Nc3 {[%clk 0:33:51]} Nb6
{[%clk 0:42:45]} 27. Qe4 {[%clk 0:31:14]} Qc7 {[%clk 0:42:49]} 28. Bb2
{[%clk 0:29:22]} Rxa1 {[%clk 0:42:55]} 29. Rxa1 {[%clk 0:29:42]} Bf8
{[%clk 0:43:04]} 30. Rd1 {[%clk 0:29:17]} c4 {[%clk 0:41:15]} 31. Qd4
{[%clk 0:28:22]} Nf5 {[%clk 0:36:39]} 32. Qe4 {[%clk 0:24:43]} Bc5
{[%clk 0:34:53]} 33. Bc1 {[%clk 0:25:12]} Nxh4 {[%clk 0:33:59]} 34. Ke2
{[%clk 0:20:35]} Nf5 {[%clk 0:32:17]} 35. Nxf5 {[%clk 0:20:31]} exf5
{[%clk 0:32:41]} 36. Qf3 {[%clk 0:20:15]} Bb4 {[%clk 0:28:38]} 37. Bb2
{[%clk 0:18:31]} Bxc3 {[%clk 0:27:42]} 38. Bxc3 {[%clk 0:18:28]} Na4
{[%clk 0:28:07]} 39. Rd6 {[%clk 0:17:15]} Nxc3+ {[%clk 0:21:54]} 40. Qxc3
{[%clk 0:17:43]} Qc5 {[%clk 0:20:47]} 41. b6 {[%clk 0:15:49]} Rb8
{[%clk 0:16:52]} 42. Qe3 {[%clk 0:16:00]} Qxe3+ {[%clk 0:09:03]} 43. Kxe3
{[%clk 0:16:27]} h4 {[%clk 0:09:30]} 44. Kd4 {[%clk 0:13:47]} h3 {[%clk 0:09:52]}
45. Kc5 {[%clk 0:13:42]} c3 {[%clk 0:02:27]} 46. Rd1 {[%clk 0:13:36]} c2
{[%clk 0:00:53]} 47. Rc1 {[%clk 0:14:04]} h2 {[%clk 0:01:14]} 48. Kc6
{[%clk 0:14:18]} Kg7 {[%clk 0:00:50]} 49. b7 {[%clk 0:14:10]} Rd8
{[%clk 0:01:06]} 50. Kc7 {[%clk 0:13:19]} Rd1 {[%clk 0:01:24]} 51. Rxc2
{[%clk 0:13:19]} h1=Q {[%clk 0:01:46]} 52. b8=Q {[%clk 0:13:27]} Qe4
{[%clk 0:02:08]} 53. Qb2 {[%clk 0:12:26]} Rd4 {[%clk 0:01:24]} 54. Rc6
{[%clk 0:10:50]} Qxf4 {[%clk 0:01:26]} 55. Rd6 {[%clk 0:11:10]} Rb4
{[%clk 0:01:43]} 56. Qa1 {[%clk 0:10:25]} Qc4+ {[%clk 0:01:18]} 57. Rc6
{[%clk 0:09:12]} Qd4 {[%clk 0:01:01]} 58. Qxd4 {[%clk 0:07:51]} Rxd4
{[%clk 0:01:30]} 59. Rd6 {[%clk 0:08:20]} Re4 {[%clk 0:01:39]} 60. Rd5
{[%clk 0:08:10]} f4 {[%clk 0:01:54]} 61. Kd6 {[%clk 0:08:20]} f3 {[%clk 0:02:02]}
62. Rd3 {[%clk 0:07:59]} Rf4 {[%clk 0:02:00]} 63. Rd1 {[%clk 0:07:15]} f2
{[%clk 0:02:09]} 64. Rf1 {[%clk 0:07:44]} Rf5 {[%clk 0:01:52]} 65. e6
{[%clk 0:06:04]} fxe6 {[%clk 0:02:19]} 66. Kxe6 {[%clk 0:06:28]} Kf8
{[%clk 0:02:43]} 67. Kd6 {[%clk 0:06:42]} Kf7 {[%clk 0:03:00]} 68. Kd7
{[%clk 0:07:11]} Rd5+ {[%clk 0:03:07]} 69. Kc6 {[%clk 0:07:25]} Rd2
{[%clk 0:03:05]} 0-1

[Event "Fajr-urmia"]
[Site "urmia"]
[Date "2015.02.23"]
[Round "8.3"]
[White "Chighladze, Iveri"]
[Black "Roohi, Abdolmajid"]
[Result "1/2-1/2"]
[LiveChessVersion "1.4.4"]
[BlackElo "2133"]
[WhiteElo "2338"]

1. d4 {[%clk 1:29:37]} Nf6 {[%clk 1:30:49]} 2. c4 {[%clk 1:29:51]} g6
{[%clk 1:31:10]} 3. Nc3 {[%clk 1:29:58]} d5 {[%clk 1:31:31]} 4. Bf4
{[%clk 1:29:35]} Bg7 {[%clk 1:29:27]} 5. e3 {[%clk 1:29:29]} c6 {[%clk 1:28:56]}
6. Nf3 {[%clk 1:28:47]} O-O {[%clk 1:28:46]} 7. Rc1 {[%clk 1:28:29]} b6
{[%clk 1:19:52]} 8. cxd5 {[%clk 1:18:05]} Nxd5 9. Nxd5 {[%clk 1:12:55]} Qxd5
{[%clk 1:10:40]} 10. Bc4 {[%clk 1:12:29]} Qa5+ {[%clk 1:10:55]} 11. Nd2
{[%clk 1:09:21]} Ba6 {[%clk 1:05:57]} 12. a3 {[%clk 0:52:00]} Bxc4
{[%clk 1:04:01]} 13. Rxc4 {[%clk 0:52:22]} Nd7 {[%clk 1:02:57]} 14. Rxc6
{[%clk 0:40:22]} Qb5 {[%clk 0:59:06]} 15. Rc2 {[%clk 0:27:15]} e5
{[%clk 0:58:30]} 16. a4 {[%clk 0:24:53]} Qa6 {[%clk 0:56:15]} 17. Rc7
{[%clk 0:23:50]} Rfd8 {[%clk 0:45:47]} 18. Bg5 {[%clk 0:22:43]} f6
{[%clk 0:46:01]} 19. Bh4 {[%clk 0:11:45]} Rac8 {[%clk 0:42:18]} 20. Qb3+
{[%clk 0:09:26]} Kh8 {[%clk 0:41:20]} 21. Qc4 {[%clk 0:09:45]} Qxc4
{[%clk 0:34:08]} 22. Rxc4 {[%clk 0:10:13]} exd4 {[%clk 0:33:37]} 23. O-O
{[%clk 0:09:20]} Rxc4 {[%clk 0:30:19]} 24. Nxc4 {[%clk 0:09:48]} Nc5
{[%clk 0:29:22]} 25. Rd1 {[%clk 0:08:48]} Nxa4 {[%clk 0:27:19]} 26. Rxd4
{[%clk 0:06:59]} Rc8 {[%clk 0:23:49]} 27. f4 {[%clk 0:03:40]} f5 {[%clk 0:22:13]}
28. Rd7 {[%clk 0:03:17]} a6 {[%clk 0:09:26]} 29. Nd6 {[%clk 0:03:26]} Ra8
{[%clk 0:09:31]} 30. b4 {[%clk 0:02:57]} Nc3 {[%clk 0:09:25]} 31. Nc4
{[%clk 0:02:14]} Rb8 {[%clk 0:08:41]} 32. Be7 {[%clk 0:02:03]} h6
{[%clk 0:07:41]} 33. Bd6 {[%clk 0:02:10]} Re8 {[%clk 0:07:29]} 34. Ne5
{[%clk 0:01:42]} Kh7 {[%clk 0:07:24]} 35. Bc7 {[%clk 0:01:30]} Re6
{[%clk 0:06:59]} 36. Kf1 {[%clk 0:02:09]} Nb5 {[%clk 0:07:02]} 37. Bd8
{[%clk 0:02:19]} Kg8 {[%clk 0:05:54]} 38. Nc4 {[%clk 0:02:47]} Bc3
{[%clk 0:06:09]} 39. Be7 {[%clk 0:01:51]} Rc6 {[%clk 0:05:32]} 40. Ne5
{[%clk 0:02:03]} Bxe5 {[%clk 0:04:04]} 41. fxe5 {[%clk 0:02:31]} Kf7
{[%clk 0:04:33]} 42. Bg5+ {[%clk 0:02:19]} Ke6 {[%clk 0:03:38]} 43. Re7+
{[%clk 0:02:46]} Kd5 {[%clk 0:04:07]} 44. Bxh6 {[%clk 0:03:10]} Re6 45. Rxe6
{[%clk 0:01:12]} Kxe6 {[%clk 0:04:06]} 46. Bg7 {[%clk 0:01:29]} Nc7
{[%clk 0:03:39]} 47. Ke2 {[%clk 0:01:49]} Nd5 {[%clk 0:03:13]} 48. Bf8
{[%clk 0:02:15]} Kxe5 {[%clk 0:02:45]} 49. Kd3 {[%clk 0:02:40]} Nc7
{[%clk 0:01:59]} 50. Bg7+ {[%clk 0:02:58]} Kd5 {[%clk 0:02:25]} 51. Bd4
{[%clk 0:02:36]} b5 {[%clk 0:02:20]} 52. h3 {[%clk 0:02:39]} Ne8 {[%clk 0:01:34]}
53. Bb6 {[%clk 0:01:25]} Nd6 {[%clk 0:01:48]} 54. Bc5 {[%clk 0:01:51]} Nf7
{[%clk 0:01:51]} 55. Bd4 {[%clk 0:02:02]} Ng5 {[%clk 0:02:05]} 56. Bc3
{[%clk 0:02:06]} Ne4 {[%clk 0:02:21]} 57. Be1 {[%clk 0:02:34]} Ng5
{[%clk 0:01:52]} 58. Bg3 {[%clk 0:02:51]} Nf7 {[%clk 0:01:56]} 59. Bf4
{[%clk 0:03:04]} Nd8 {[%clk 0:01:26]} 60. g4 {[%clk 0:03:07]} fxg4
{[%clk 0:01:39]} 61. hxg4 {[%clk 0:03:19]} Nc6 {[%clk 0:02:05]} 62. e4+
{[%clk 0:03:40]} Ke6 {[%clk 0:02:34]} 63. Kc3 {[%clk 0:03:32]} a5
{[%clk 0:02:37]} 64. bxa5 {[%clk 0:03:26]} Nxa5 {[%clk 0:03:00]} 65. Kb4
{[%clk 0:04:05]} g5 {[%clk 0:02:50]} 66. Bxg5 {[%clk 0:03:22]} Nc6+
{[%clk 0:03:16]} 67. Kxb5 {[%clk 0:03:44]} Ne5 {[%clk 0:03:42]} 1/2-1/2

[Event "Fajr-urmia"]
[Site "urmia"]
[Date "2015.02.23"]
[Round "8.4"]
[White "Guliev, Logman"]
[Black "Tarazooyeadl, Mojtaba"]
[Result "1-0"]
[LiveChessVersion "1.4.4"]
[BlackElo "2210"]
[WhiteElo "2389"]

1. e4 {[%clk 1:29:01]} c5 {[%clk 1:30:47]} 2. Nf3 {[%clk 1:28:57]} e6
{[%clk 1:31:01]} 3. d4 {[%clk 1:29:20]} cxd4 {[%clk 1:31:27]} 4. Nxd4
{[%clk 1:29:42]} Nf6 {[%clk 1:31:39]} 5. Bd3 {[%clk 1:30:02]} Nc6
{[%clk 1:27:53]} 6. Nxc6 {[%clk 1:29:55]} bxc6 {[%clk 1:27:43]} 7. O-O
{[%clk 1:28:33]} d6 {[%clk 1:23:34]} 8. Qe2 {[%clk 1:25:26]} e5 {[%clk 1:20:16]}
9. b3 {[%clk 1:24:35]} Be7 {[%clk 1:19:29]} 10. Bb2 {[%clk 1:24:57]} O-O
{[%clk 1:16:17]} 11. Nd2 {[%clk 1:23:41]} Nd7 {[%clk 1:07:06]} 12. Nc4
{[%clk 1:19:45]} Re8 {[%clk 1:00:02]} 13. Rad1 {[%clk 1:15:32]} Nf8
{[%clk 0:53:33]} 14. f4 {[%clk 1:13:32]} exf4 {[%clk 0:52:36]} 15. Rxf4
{[%clk 1:13:48]} Ng6 {[%clk 0:48:28]} 16. Rff1 {[%clk 1:10:50]} Bf8
{[%clk 0:42:42]} 17. Kh1 {[%clk 1:10:18]} Qg5 {[%clk 0:40:24]} 18. Qf2
{[%clk 1:07:38]} Be6 {[%clk 0:39:22]} 19. Be2 {[%clk 1:01:38]} Red8
{[%clk 0:30:51]} 20. Bc1 {[%clk 1:00:22]} Qh4 {[%clk 0:28:16]} 21. Qxh4
{[%clk 0:59:54]} Nxh4 {[%clk 0:28:39]} 22. Bg5 {[%clk 1:00:19]} Ng6
{[%clk 0:28:25]} 23. Bxd8 {[%clk 1:00:40]} Rxd8 {[%clk 0:28:46]} 24. h3
{[%clk 0:57:09]} f6 {[%clk 0:28:16]} 25. Rd2 {[%clk 0:56:50]} Kf7
{[%clk 0:22:57]} 26. e5 {[%clk 0:55:07]} d5 {[%clk 0:22:28]} 27. exf6
{[%clk 0:55:11]} gxf6 {[%clk 0:22:34]} 28. Bg4 {[%clk 0:53:05]} Bxg4
{[%clk 0:22:33]} 29. hxg4 {[%clk 0:53:31]} Re8 {[%clk 0:22:30]} 30. Nb2
{[%clk 0:53:19]} Re4 {[%clk 0:22:36]} 31. Rdf2 {[%clk 0:48:54]} Be7
{[%clk 0:22:37]} 32. Nd3 {[%clk 0:48:38]} Rxg4 {[%clk 0:22:59]} 33. Rf3
{[%clk 0:49:02]} Ke8 {[%clk 0:18:37]} 34. Rh3 {[%clk 0:48:17]} Nf8
{[%clk 0:18:44]} 35. Rf4 {[%clk 0:48:02]} Rg7 {[%clk 0:18:27]} 36. Ra4
{[%clk 0:47:11]} Bd6 {[%clk 0:16:38]} 37. Re3+ {[%clk 0:47:17]} Kd8
{[%clk 0:16:53]} 38. Nb4 {[%clk 0:45:34]} Rc7 {[%clk 0:16:01]} 39. Rc3
{[%clk 0:43:53]} Kd7 {[%clk 0:15:58]} 40. Na6 {[%clk 0:43:58]} Rb7
{[%clk 0:14:37]} 41. Nc5+ {[%clk 0:43:54]} Bxc5 {[%clk 0:15:06]} 42. Rxc5
{[%clk 0:44:15]} Ne6 {[%clk 0:14:02]} 43. Rca5 {[%clk 0:44:21]} Nc7
{[%clk 0:13:51]} 44. Rxa7 {[%clk 0:44:23]} Rb5 {[%clk 0:13:16]} 45. Rh4
{[%clk 0:44:13]} Kd6 {[%clk 0:13:17]} 46. Rxh7 {[%clk 0:43:31]} Ne6
{[%clk 0:13:44]} 47. Raf7 {[%clk 0:42:04]} Ke5 {[%clk 0:11:57]} 48. Rh6
{[%clk 0:40:54]} Rc5 {[%clk 0:11:37]} 49. Rfxf6 {[%clk 0:40:08]} Nd4
{[%clk 0:12:06]} 50. c4 {[%clk 0:38:42]} Ra5 {[%clk 0:12:35]} 51. cxd5
{[%clk 0:38:14]} cxd5 {[%clk 0:12:52]} 52. Rf2 {[%clk 0:30:38]} Ke4
{[%clk 0:13:19]} 53. b4 {[%clk 0:29:56]} Ra4 {[%clk 0:12:48]} 54. Rb2
{[%clk 0:28:23]} Nb5 {[%clk 0:13:13]} 55. Rb6 {[%clk 0:26:06]} Nc3
{[%clk 0:13:32]} 56. b5 {[%clk 0:26:21]} d4 {[%clk 0:12:06]} 57. Rd6
{[%clk 0:26:00]} d3 {[%clk 0:10:46]} 58. b6 {[%clk 0:26:07]} Ne2 {[%clk 0:11:09]}
59. b7 {[%clk 0:25:27]} Ke3 {[%clk 0:11:37]} 60. Re6+ {[%clk 0:24:11]} Kf2
{[%clk 0:11:56]} 61. Rexe2+ {[%clk 0:24:27]} dxe2 {[%clk 0:12:12]} 62. b8=Q
{[%clk 0:23:58]} Rh4+ {[%clk 0:12:28]} 63. Qh2 Rh8 1-0

[Event "Fajr-urmia"]
[Site "urmia"]
[Date "2015.02.23"]
[Round "8.5"]
[White "Darban, Morteza"]
[Black "Derakhshani, Dorsa"]
[Result "1/2-1/2"]
[LiveChessVersion "1.4.4"]
[BlackElo "2209"]
[WhiteElo "2334"]

1. c4 {[%clk 1:27:30]} Nf6 {[%clk 1:22:17]} 2. Nc3 {[%clk 1:26:35]} e6
{[%clk 1:22:22]} 3. Nf3 {[%clk 1:24:20]} Bb4 {[%clk 1:22:19]} 4. Qc2
{[%clk 1:24:04]} O-O {[%clk 1:21:27]} 5. a3 {[%clk 1:22:17]} Bxc3 6. Qxc3
{[%clk 1:22:33]} b6 {[%clk 1:17:49]} 7. d3 {[%clk 1:21:43]} Bb7 {[%clk 1:14:50]}
8. Bg5 {[%clk 1:21:13]} d6 {[%clk 1:14:00]} 9. e3 {[%clk 1:20:25]} Nbd7
{[%clk 1:09:40]} 10. Be2 {[%clk 1:20:44]} e5 {[%clk 1:07:55]} 11. O-O
{[%clk 1:13:26]} c5 {[%clk 1:02:06]} 12. Qc2 {[%clk 1:11:17]} h6 {[%clk 0:52:12]}
13. Bh4 {[%clk 1:11:41]} Qe7 {[%clk 0:52:06]} 14. Nd2 {[%clk 1:12:00]} Rfc8
{[%clk 0:49:58]} 15. Ne4 {[%clk 1:05:31]} Rab8 {[%clk 0:36:12]} 16. Rad1
{[%clk 0:56:35]} d5 {[%clk 0:29:20]} 17. cxd5 {[%clk 0:52:16]} Bxd5
{[%clk 0:29:44]} 18. Nc3 {[%clk 0:52:17]} Bb7 {[%clk 0:25:05]} 19. Qb3
{[%clk 0:38:10]} Ra8 {[%clk 0:15:29]} 20. Rd2 {[%clk 0:35:41]} a6
{[%clk 0:10:43]} 21. a4 {[%clk 0:32:06]} Qd6 {[%clk 0:10:59]} 22. Rfd1
{[%clk 0:21:57]} Nd5 {[%clk 0:11:04]} 23. Bg3 {[%clk 0:20:50]} Qe6
{[%clk 0:08:56]} 24. Bf3 {[%clk 0:16:16]} Nxc3 {[%clk 0:07:45]} 25. Qxe6
{[%clk 0:16:42]} fxe6 {[%clk 0:08:11]} 26. Bxb7 {[%clk 0:16:24]} Nxd1
{[%clk 0:08:37]} 27. Rxd1 {[%clk 0:16:43]} Rcb8 {[%clk 0:08:22]} 28. Bxa8
{[%clk 0:16:18]} Rxa8 {[%clk 0:08:47]} 29. d4 {[%clk 0:13:13]} exd4
{[%clk 0:07:47]} 30. exd4 {[%clk 0:13:41]} Kf7 {[%clk 0:07:24]} 31. h3
{[%clk 0:13:05]} c4 {[%clk 0:06:52]} 32. d5 {[%clk 0:12:54]} e5 {[%clk 0:06:36]}
33. f4 {[%clk 0:05:39]} exf4 {[%clk 0:04:11]} 34. Bxf4 {[%clk 0:06:05]} b5
{[%clk 0:04:11]} 35. Bc7 {[%clk 0:05:15]} Re8 {[%clk 0:03:12]} 36. Rf1+
{[%clk 0:03:20]} Ke7 {[%clk 0:03:20]} 37. axb5 {[%clk 0:03:17]} axb5
{[%clk 0:03:44]} 38. Rf5 {[%clk 0:03:27]} b4 {[%clk 0:03:25]} 39. Rf4
{[%clk 0:02:53]} c3 {[%clk 0:03:07]} 40. Rxb4 {[%clk 0:02:48]} cxb2
{[%clk 0:03:26]} 41. Rxb2 {[%clk 0:02:13]} g6 {[%clk 0:02:13]} 42. Bf4
{[%clk 0:01:52]} g5 {[%clk 0:01:52]} 43. Bg3 {[%clk 0:01:51]} Nf6
{[%clk 0:01:45]} 44. d6+ {[%clk 0:01:03]} Kd7 {[%clk 0:01:50]} 45. Rb7+
{[%clk 0:01:22]} Ke6 {[%clk 0:02:13]} 46. Kh2 {[%clk 0:00:59]} Rd8
{[%clk 0:01:43]} 47. Re7+ {[%clk 0:00:56]} Kf5 {[%clk 0:02:09]} 48. Be5
{[%clk 0:01:06]} Ng8 {[%clk 0:02:07]} 49. g4+ {[%clk 0:00:48]} Ke4
{[%clk 0:02:23]} 50. Bg7+ {[%clk 0:00:59]} Nxe7 {[%clk 0:01:23]} 51. dxe7
{[%clk 0:01:27]} Re8 {[%clk 0:01:07]} 52. Bxh6 {[%clk 0:00:41]} Rxe7
{[%clk 0:01:07]} 53. Bxg5 {[%clk 0:01:02]} 1/2-1/2

[Event "Fajr-urmia"]
[Site "urmia"]
[Date "2015.02.23"]
[Round "8.7"]
[White "Asgarizadeh, Ahmad"]
[Black "Heydari, Gholamreza"]
[Result "1-0"]
[LiveChessVersion "1.4.4"]
[BlackElo "2112"]
[WhiteElo "2424"]

1. e4 {[%clk 1:30:55]} d5 {[%clk 1:19:10]} 2. exd5 {[%clk 1:30:46]} Qxd5
{[%clk 1:19:18]} 3. Nc3 {[%clk 1:30:43]} Qd6 {[%clk 1:19:39]} 4. d4
{[%clk 1:29:56]} Nf6 {[%clk 1:19:54]} 5. Nge2 {[%clk 1:29:27]} g6
{[%clk 1:04:45]} 6. Bf4 {[%clk 1:29:25]} Qb6 {[%clk 1:04:18]} 7. Qd2
{[%clk 1:22:13]} Bg7 {[%clk 1:03:56]} 8. Na4 {[%clk 1:12:53]} Qc6
{[%clk 1:02:53]} 9. Nec3 {[%clk 1:11:03]} Ne4 {[%clk 0:49:47]} 10. Qe3
{[%clk 1:05:13]} Nxc3 {[%clk 0:48:19]} 11. Nxc3 {[%clk 1:05:03]} Qe6
{[%clk 0:38:39]} 12. Be5 {[%clk 0:56:57]} O-O {[%clk 0:28:56]} 13. O-O-O
{[%clk 0:56:34]} c6 {[%clk 0:28:39]} 14. Qg3 {[%clk 0:53:25]} Bxe5
{[%clk 0:27:30]} 15. dxe5 {[%clk 0:53:30]} b5 {[%clk 0:24:36]} 16. Kb1
{[%clk 0:50:55]} b4 {[%clk 0:17:21]} 17. Ne4 {[%clk 0:49:09]} Qg4
{[%clk 0:17:04]} 18. Bd3 {[%clk 0:44:05]} Qxg3 {[%clk 0:16:08]} 19. hxg3
{[%clk 0:44:16]} Kg7 {[%clk 0:14:52]} 20. Rh4 {[%clk 0:40:33]} h6
{[%clk 0:08:14]} 21. Nc5 {[%clk 0:29:02]} a5 {[%clk 0:08:29]} 22. Rd4
{[%clk 0:29:26]} Ra7 {[%clk 0:06:23]} 23. Bc4 {[%clk 0:29:13]} Rc7
{[%clk 0:04:57]} 24. f3 {[%clk 0:28:44]} e6 {[%clk 0:04:17]} 25. Kc1
{[%clk 0:24:52]} Re8 {[%clk 0:04:22]} 26. f4 {[%clk 0:22:29]} Ree7
{[%clk 0:03:35]} 27. Rd8 {[%clk 0:22:30]} h5 {[%clk 0:03:05]} 28. Ne4
{[%clk 0:21:49]} Red7 {[%clk 0:01:30]} 29. R1xd7 {[%clk 0:21:28]} Nxd7
{[%clk 0:01:47]} 30. Nd6 {[%clk 0:21:53]} 1-0